000 00575nam a2200217Ia 4500
003 OSt
005 20220927114243.0
006 a|||||r|||| 00| 0
007 ta
008 220926b |||||||| |||| 00| 0 eng d
024 _a149805
037 _cTextbook
040 _aRTL
_cRTL
_beng
041 _2eng
_aeng
082 _a"X, TD"
100 _aOULTON Nicholas
_9387972
245 0 _aProduction and growth
_b A study of British industry
700 _a OMAHONY Mary
_9387973
942 _h"X, TD"
_cCC
999 _c703834
_d703834